000 00344nam a2200145Ia 4500
005 20241122224601.0
008 241122s9999||||xx |||||||||||||| ||und||
041 _aEnglish
082 _a658.5
_bMUL
100 _aMuhlemann, Alan
245 0 _aProduction and operations management
260 _bPearson
_c2008
300 _ax,557p.
942 _cBK
999 _c7839
_d7839